Netter’s atlas of human embryology / Larrry R. Cochard, PhD, Angelique N. Dueñas, PhD ; illustrations by Frank H. Netter, MD. (Record no. 21491)

000 -LEADER
fixed length control field 00637nam a22001817a 4500
020 ## - INTERNATIONAL STANDARD BOOK NUMBER
ISBN 9780443117619
082 ## - DEWEY DECIMAL CLASSIFICATION NUMBER
Classification number 612.64
Item number C661 2025
100 ## - MAIN ENTRY--AUTHOR NAME
Personal name Cochard, Larry R., author.
245 ## - TITLE STATEMENT
Title Netter’s atlas of human embryology / Larrry R. Cochard, PhD, Angelique N. Dueñas, PhD ; illustrations by Frank H. Netter, MD.
250 ## - EDITION STATEMENT
Edition statement Second edition.
260 ## - PUBLICATION, DISTRIBUTION, ETC. (IMPRINT)
Place of publication Philadelphia, PA :
Name of publisher Elsevier,
Year of publication ©2025.
300 ## - PHYSICAL DESCRIPTION
Number of Pages xi, 288 pages :
Other physical details color illustrations ; 28 cm
500 ## - GENERAL NOTE
General note Includes index.
650 ## - SUBJECT ADDED ENTRY--TOPICAL TERM
Topical Term Embryology, Human -- Atlases.
700 ## - ADDED ENTRY--PERSONAL NAME
Personal name Dueñas, Angelique N.
700 ## - ADDED ENTRY--PERSONAL NAME
Personal name Netter, Frank H., illustrator.
942 ## - ADDED ENTRY ELEMENTS (KOHA)
Koha item type Books
Holdings
Source of acquisition Permanent Location Date acquired Koha item type Collection code Accession Number Lost status Shelving location Withdrawn status Current Location Full call number
SchoolCagayan State University - Carig Library2025-10-27BooksMedicineM002718 Medical Library Cagayan State University - Carig Library612.64 C661 2025
SchoolCagayan State University - Carig Library2025-10-27BooksMedicineM002719 Medical Library Cagayan State University - Carig Library612.64 C661 2025

Cagayan State University University Library, Carig Campus
Tuguegarao City, Cagayan 3500 | www.csucarig.edu.ph

Powered by Koha